Los mejores en deporte / por Juan Maciá Mercadé
Publicado:
San Jorge, núm. 89 (1r trimestre 1973), pàg 53 :
MARC
| LEADER | 00000nam a2200000Ia 4500 | ||
|---|---|---|---|
| 001 | |||
| 008 | 160829s9999 xx 000 0 cat d | ||
| 100 | |a Macià Mercadé, Juan |9 40170 | ||
| 245 | |a Los mejores en deporte / por Juan Maciá Mercadé | ||
| 260 | |a San Jorge, núm. 89 (1r trimestre 1973), pàg 53 | ||
| 650 | |a Comas, Jorge |x Premis |9 41895 | ||
| 650 | |a Joventut Atlètica Sabadell |9 41896 | ||
| 650 | |a Setmana Catalana de Ciclisme |9 41897 | ||
| 901 | |a Arxiu | ||
| 942 | |n 1 | ||
| 952 | |0 0 |1 0 |4 0 |7 1 |9 50537 |a Arxiu |b Arxiu |d 2016-12-01 |l 0 |r 2016-12-01 00:00:00 |w 2016-12-01 |y ARXIU | ||
| 999 | |c 54379 |d 54379 | ||